000 00661nam a2200217Ia 4500
003 GCL
008 140319s9999 xx 000 0 ara d
020 _a9027909977
040 _aGCL /
_cGCL
082 0 4 _aق
_b320.962
_bم ب
100 1 _aمحمد حسنين هيكل
245 1 0 _a1995 باب مصر الى القرن الواحد والعشرين /
_cمحمد حسنين هيكل
250 _aالثاني ة
260 _aالقاهرة :
_bدار الشروق ،
_c1995
300 _a39 ص ؛
_c24 سم
490 _a
650 0 4 _aمصر
650 0 4 _aالاحوال السياسية
650 0 4 _aالقرن العشرين
942 _2ddc
_cBK
999 _c39325
_d39325